| 000 | 00505nam a2200133Ia 4500 | ||
|---|---|---|---|
| 008 | 250506s9999 xx 000 0 und d | ||
| 024 | _a08B-07-EE, 08B-141-EE, 09B-61-EE & 09B-94-EE | ||
| 082 | _a629.895072 MUH | ||
| 100 | _aMuhammad Ismail, Faisal Mushtaq, Syed Rehan Ali & Ehsan Ramay | ||
| 245 | 0 | _aImplementation of Distributed Control System Using two Programmable Logic Controllers | |
| 260 |
_aKarachi: _bUIT, _c2009 |
||
| 600 | _aElectronic Engineering | ||
| 650 | _aBachelor of Engineering (BE) | ||
| 999 |
_c28001 _d28001 |
||